| 000 | 00845nam0a22002411 4500 | ||
|---|---|---|---|
| 001 | v19\rc\1675118 | ||
| 005 | 20260407064928.0 | ||
| 035 | _a(NLR Aleph) 004781953 | ||
| 090 |
_a4678902 _c4678902 |
||
| 100 | _a20061002d1894 |||y0rusy50 ca | ||
| 101 | 0 | _arus | |
| 102 | _aRU | ||
| 105 | _ay z ||||| | ||
| 200 | 1 |
_aУстав товарищества Красильно-аппретурной фабрики в деревне Щелкове _e[Утв. 10 дек. 1893 г.] |
|
| 210 |
_aМосква _d1894 |
||
| 215 |
_a24 с. _d20 |
||
| 710 | 0 | 2 |
_aКрасильно-аппретурная фабрика _cд. Щелково, Московская губ. _9563259 _3RU\NLR\AUTH\8810032356 |
| 801 | 0 |
_aRU _bNLR _gpsbo |
|
| 801 | 0 |
_aRU _bRuMoRGB _2psbo |
|
| 801 | 1 |
_aRU _bProSoft-M _2rusmarc |
|
| 852 |
_aNLR _j18.269.4.102 |
||
| 942 | _cBOOK | ||
| 980 | _aNB | ||